Регионална библиотека "Любен Каравелов" - Русе

Съдбата на османското наследство в България (Запис номер 103846)

MARC детайли
000 -Лидер
Контролно поле с фиксирана дължина 02053nam a2200433 c 4500
003 - Код на организацията, давaща контролен номер
Контролно поле BLK
005 - Дата и час на последна редакция
Контролно поле 20250119004124.0
008 - Елементи от данни с фиксирана дължина
fixed length control field 180409b bul|||||r ||||||| ||bul||
010 ## - Наследен системен номер
LC control number KNG00108926000
020 ## - Международен стандартен номер на книга ISBN
Международен стандартен номер на книга ISBN 954-90556-6-3
-- издат.: AMICITIA
040 ## - Източник на каталожния запис
Идентификатор на билиотеката - собственик на записа BLK
041 ## - Код за език
Код за езика на текст/звукозапис или на отделно заглавие Български
Код за езика КДБФ Български
080 ## - УДК
Текстов определител УДК Трета българска държава (от 1878)
УДК код - определител по УДК 94(497.2)"1878..."
УДК определител
УДК - код + определител 94(497.2)"1878..."
080 ## - УДК
Текстов определител УДК Нрави и обичаи в частния живот. Обреди при раждане, кръщене, пълнолетие, жертвопринасяне, сватба, семеен живот, брак, любов, дружба, гостоприемство, осиновяване и др.
УДК код - определител по УДК 392
УДК определител (497.2)
УДК - код + определител 392(497.2)
080 ## - УДК
Текстов определител УДК Социология на културата и цивилизацията
УДК код - определител по УДК 316.7
УДК определител (497.2)
УДК - код + определител 316.7(497.2)
100 1# - Редна дума - Автор
Автор Лори, Бернар
Авторска отговорност първи автор
R(LIN) 285458
139 ## - Редно поле
Редна дума Лори, Бернар
Авторски знак Лор - Л 83
245 10 - Сведения за заглавието
Заглавие Съдбата на османското наследство в България
Подзаглавни данни Бълг. градска култура 1878 - 1900 г.
Редно поле (дума) Бернар Лори; прев. Лилина Янакиева.
257 ## - Страна на издаване
Страна на създаване/издаване Франция
260 ## - Област на издателските данни
-- София
Име на издателя, разпространителя и проч. AMICITIA
Година на издаване 2002
Печатница София : Илинда-Евтимов
300 ## - Физическа характеристика
Страници 208 с.
Размери/Мащаб 24 см
380 ## - Жанр
Жанр История
500 ## - Общи забележки
Забележка Офс. изд. - Библиогр. с.187-196 ; Геогр. и именен показалец.
504 ## - Забележка за наличие на библиография и др
Забележка за наличие на библиография и под. 187-196
650 #0 - Допълнително описание по предмет – тема
Основно описание – тема или топоним България - история, нова
9 (RLIN) 241998
650 #4 - Допълнително описание по предмет – тема
Основно описание – тема или топоним Българи - бит и култура
9 (RLIN) 243479
653 ## - Ключова дума – ненормативна
Ключова дума България
653 ## - Ключова дума – ненормативна
Ключова дума история
653 ## - Ключова дума – ненормативна
Ключова дума нова история
653 ## - Ключова дума – ненормативна
Ключова дума бит
653 ## - Ключова дума – ненормативна
Ключова дума култура
700 1# - Други автори (авторска отговорност)
Лично име Янакиева, Лилина
Автороска отговорност (Описва отношението между автора и произведението) прев.
9 (RLIN) 309705
852 ## - Местоположение
Форматна сигнатура Цб 216664
856 4# - Електронен адрес и достъп
Електронен формат pdf - файл
Път до файла /url/
856 4# - Електронен адрес и достъп
Електронен формат pdf - файл
Път до файла /url/
942 ## - АРТИКУЛИ
Вид на библиотечния материал Книги
Скрит в OPAC Не
944 ## - СЪЗДАВАНЕ И РЕДАКЦИЯ на ЗАПИСА
Създаване/Редакция Създаване
Дата на регистрацията/редакция 14.11.2003
Служител, извършил регистрацията/редакцията
Статус, дата на статуса CRON CRON
944 ## - СЪЗДАВАНЕ И РЕДАКЦИЯ на ЗАПИСА
Създаване/Редакция Редакция
Дата на регистрацията/редакция 21.06.2004
Служител, извършил регистрацията/редакцията
999 ## - СИСТЕМНИ КОНТРОЛНИ НОМЕРА
Koha biblionumber 103846
Koha biblioitemnumber 103846
Наличности
Код за отписване Код за изгубен артикул Източник на класификационната схема Код за повреда Коз за рестрикции Код за отдаване Артикулен № Име на библиотеката - собственик Име на библиотеката, в която се намира в момента Статус (Текущо местоположение) Дата на вписване в системата Местоположение - отдел Цена в лева Инвентарен номер Систематично азбучна сигнатура Баркод Номер на екземпляра Цена в евро Служебна бележка Служебен тип на артикула
  Не е изгубен Universal Decimal Classification Не е повреден без рестрикции ползва се в читалня 167704 Регионална библиотека "Любен Каравелов" Русе Регионална библиотека "Любен Каравелов" Русе Читалня 2003-11-14 Читалня 8.00 120000680049 Ч 94(497.2)’’1878...’’/Л 38 Б 120000680049 1 4.09 Дост: DA Вид: А N: 28 Дата: 14.11.2003 Дата инв: 28.03.2017 Бележки инв: Ч2017 Книги
Vip Innovations Ltd, Rousse, Bulgaria 2025